Normal view
MARC view
- FINITE ELEMENT METHOD-DATA PROCESSING. MATLAB.FEM
Entry Topical Term
001 - CONTROL NUMBER
- control field: 59215
003 - CONTROL NUMBER IDENTIFIER
- control field: NUST
005 - DATE AND TIME OF LATEST TRANSACTION
- control field: 20210628202311.0
008 - FIXED-LENGTH DATA ELEMENTS
- fixed length control field: 210628|| aca||aabn | a|a d
040 ## - CATALOGING SOURCE
- Original cataloging agency: NUST
- Transcribing agency: NUST
150 ## - HEADING--TOPICAL TERM
- Topical term or geographic name entry element: FINITE ELEMENT METHOD-DATA PROCESSING. MATLAB.FEM
670 ## - SOURCE DATA FOUND
- Source citation: Work cat.: (NUST): Introduction to finite and spectral element methods using matlab, 2005
